Air-conditioning system design manual / (Record no. 599481)

000 -LEADER
fixed length control field 00400nam a2200109Ia 4500
008 - FIXED-LENGTH DATA ELEMENTS--GENERAL INFORMATION
fixed length control field 230907s9999||||xx |||||||||||||| ||und||
082 ## - DEWEY DECIMAL CLASSIFICATION NUMBER
Classification number 697.93
Author Mark AIR
245 #0 - TITLE STATEMENT
Title Air-conditioning system design manual /
260 ## - PUBLICATION, DISTRIBUTION, ETC.
Place of publication, distribution, etc. Butterworth-Heinemann,
Name of publisher, distributor, etc. Atlanta, GA : | American Society of Heating, Refrigerating and Air-Conditioning Engineers ; | Burlington, MA :
Date of publication, distribution, etc. 2007
300 ## - PHYSICAL DESCRIPTION
Extent xii, 404 p. :
942 ## - ADDED ENTRY ELEMENTS (KOHA)
Koha item type Book
Holdings
Withdrawn status Lost status Damaged status Not for loan Permanent Location Current Location Date acquired Total Checkouts Full call number Barcode Date last seen Price effective from Koha item type
        US-Pakistan Center for Advanced Studies in Energy (USPCAS-E) US-Pakistan Center for Advanced Studies in Energy (USPCAS-E) 10/03/2019   697.93 AIR CAS-E0003580 09/12/2023 09/12/2023 Book
© 2023 Central Library, National University of Sciences and Technology. All Rights Reserved.